Identidad de las organizaciones (Registro nro. 985)
[ vista simple ]
| 000 -LEADER | |
|---|---|
| fixed length control field | 01909 a2200229 4500 |
| 001 - CONTROL NUMBER | |
| control field | 22367 |
| 005 - DATE AND TIME OF LATEST TRANSACTION | |
| control field | 20260407155514.0 |
| 008 - FIXED-LENGTH DATA ELEMENTS--GENERAL INFORMATION | |
| fixed length control field | 260407a1992 arg spa d |
| 003 - CONTROL NUMBER IDENTIFIER | |
| control field | AR-UNSa-BCEJYS |
| 040 ## - CATALOGING SOURCE | |
| Original cataloging agency | AR-UNSa-BCEJYS |
| Language of cataloging | spa |
| Transcribing agency | AR-UNSa-BCEJYS |
| 080 ## - UNIVERSAL DECIMAL CLASSIFICATION NUMBER | |
| Universal Decimal Classification number | 658.01 |
| Common auxiliary subdivision | Metodología. Teoría y práctica de la organización( teoria de la organización, análisis organizacional...) |
| 020 ## - INTERNATIONAL STANDARD BOOK NUMBER | |
| International Standard Book Number | 950-12-4624-8 |
| 100 1# - MAIN ENTRY--PERSONAL NAME | |
| Personal name | Etkin, Jorge Ricardo |
| 245 10 - TITLE STATEMENT | |
| Title | Identidad de las organizaciones |
| Name of part/section of a work | Invariancia y cambio |
| 264 #1 - PRODUCTION, PUBLICATION, DISTRIBUTION, MANUFACTURE, AND COPYRIGHT NOTICE | |
| Place of production, publication, distribution, manufacture | Buenos Aires : |
| Name of producer, publisher, distributor, manufacturer | Paidós |
| Date of production, publication, distribution, manufacture, or copyright notice | 1992 |
| 300 ## - PHYSICAL DESCRIPTION | |
| Extent | 316 p. |
| Dimensions | 22 cm. |
| 505 ## - FORMATTED CONTENTS NOTE | |
| Formatted contents note | Parte I: Abordaje sistémico: 1. Concepto de autoorganización - 2. Paradigma en el análisis organizacional - 3. Componentes del paradigma de la simplicidad - 4. Componentes del paradigma de la complejidad - 5. Conceptos y características de las estructuras - 6. El cambio no planeado - Parte II: Abordaje organizacional : 7. Marco teórico para el análisis organizacional - 8. Dominios de la organización - 9. Relaciones entre dominios - 10. La noción de poder - 11. Rasgos de la cultura organizacional - 12. Significación y operación en la organización - 13. Modelos internos de la organización - Parte III: El modo de conocer la organización.realismo y constructivismo : 14. La posición del operador organizacional.Bases metodoloógicas - 15. Los contenidos de la operación - 16. Marco teórico del operador y encuadre de la situación - 17. Dualismo en el análisis.Pares de conceptos polares - 18. Los momentos de la descripción y explicación - 19. Enfoque constructivista de la realidad. La autoreferencia - 20. Cáracter instrumental de la invariancia. |
| 590 ## - LOCAL NOTE (RLIN) | |
| Local note | niveau_biblio:m niveau_hierar:0 |
| 700 1# - ADDED ENTRY--PERSONAL NAME | |
| Personal name | Schvarstein, Leonardo |
| 856 41 - ELECTRONIC LOCATION AND ACCESS | |
| Uniform Resource Identifier | <a href="https://biblioeco.unsa.edu.ar/pmb/images/libros/Identidad de las Organizaciones.jpg">https://biblioeco.unsa.edu.ar/pmb/images/libros/Identidad de las Organizaciones.jpg</a> |
| Link text | Imagen de portada |
| Electronic format type | image/jpeg |
| 942 ## - ADDED ENTRY ELEMENTS (KOHA) | |
| Koha item type | |
| Withdrawn status | Lost status | Damaged status | Not for loan | Home library | Current library | Shelving location | Date acquired | Total checkouts | Full call number | Barcode | Date last seen | Price effective from | Koha item type |
|---|---|---|---|---|---|---|---|---|---|---|---|---|---|
| Biblioteca Prof. Eusebio Cleto del Rey | Biblioteca Prof. Eusebio Cleto del Rey | 07/04/2026 | 658.01 E83 | L69930 | 07/04/2026 | 07/04/2026 | Libro |